00539nmm a2200169Ia 4500008004100000020001500041041000800056100002100064245003200085264006600117300001800183650003600201700002100237700003500258700002700293856004900320251105s9999||||xx |||||||||||||||||und|| a8497881265 aspa aPrats Gil, Enric 0aÉtica de la información a[Madrid, España] :bUniversitat Oberta de Catalunya, c2004 a164 páginas aMedia Studies (Journ., TV, etc) aPrats Gil, Enric1 a Buxarrais Estrada, Maria Rosa1 a Tey Tejón, Amèlia uhttps://public.digitaliapublishing.com/a/989